00387nam a2200181Ia 4500008004100000020001800041050001400059100001100073245001400084245001400098260001500112260001600127260000900143300001400152300002200166300001000188500000700198170918s9999 xx 000 0 und d a9780590453645 bA411 1990 aAliki. aManners / cby Aliki. aNew York : bScholastic, c1990 aunpaged : bchiefly colored ; c25cm. aBR